LIBRARY ONLINE CATALOGUE

Annointed for business. (Record no. 7100)

MARC details
000 -LEADER
fixed length control field 00623nam a22002172 4500
001 - CONTROL NUMBER
control field 0000005872
005 - DATE AND TIME OF LATEST TRANSACTION
control field 20151217152007.0
008 - FIXED-LENGTH DATA ELEMENTS--GENERAL INFORMATION
fixed length control field 070725s xx 000 0 eng d
020 ## - INTERNATIONAL STANDARD BOOK NUMBER
International Standard Book Number 0830728619 :
Terms of availability KES 1,090
040 ## - CATALOGING SOURCE
Original cataloging agency KABU
Transcribing agency KABU
050 #0 - LIBRARY OF CONGRESS CALL NUMBER
Classification number BV3793
Item number .S552
100 1# - MAIN ENTRY--PERSONAL NAME
Personal name Silvoso, Ed.
-- 0000149649
245 10 - TITLE STATEMENT
Title Annointed for business.
260 ## - PUBLICATION, DISTRIBUTION, ETC. (IMPRINT)
Place of publication, distribution, etc. California :
Name of publisher, distributor, etc. Regal,
Date of publication, distribution, etc. 2002.
300 ## - PHYSICAL DESCRIPTION
Extent 195 p.
650 #0 - SUBJECT ADDED ENTRY--TOPICAL TERM
Topical term or geographic name as entry element Evangelistic work.
-- 0000149150
650 #0 - SUBJECT ADDED ENTRY--TOPICAL TERM
Topical term or geographic name as entry element Business
General subdivision Religious aspects
-- Christianity.
-- 0000157136
908 ## - PUT COMMAND PARAMETER (RLIN)
Put command parameter 070725
950 ## - LOCAL HOLDINGS (RLIN)
-- 1
Holdings
Withdrawn status Lost status Source of classification or shelving scheme Not for loan Home library Current library Date acquired Total Checkouts Full call number Barcode Date last seen Date last checked out Price effective from Koha item type
    Library of Congress Classification   Kabarak, Main Campus Kabarak, Main Campus 17/12/2015 1 BV3793 .S552 000673 14/05/2019 06/05/2019 17/12/2015 General Collection